Breathing : and your health
| Main Author: | |
|---|---|
| Format: | Book |
| Published: |
London :
Franklin Watts ,
1991
|
| Series: | Feeling good
|
| Subjects: |
MARC
| LEADER | 00000cam a2200000 7i4500 | ||
|---|---|---|---|
| 001 | 0000002628 | ||
| 002 | 000002855 | ||
| 005 | .0 | ||
| 020 | |a 0749603437 | ||
| 090 | 0 | 0 | |a J 030 |b FEE |
| 100 | 1 | |a Ward, Brian | |
| 245 | 1 | 0 | |a Breathing : |b and your health |c Brian Ward |
| 260 | |a London : |b Franklin Watts , |c 1991 | ||
| 300 | |a 32p. ; |c 27cm. | ||
| 490 | 0 | |a Feeling good | |
| 650 | 0 | 0 | |a Breathing |x Juvenile literature |
| 999 | |a 036128 |b BUKU |c JUNIOR REFERENCE |e PERPUSTAKAAN KOMUNITI PETALING JAYA | ||